00329pab a2200121 454500008004000000100002700040245005700067260000900124300000900133362001100142650004300153773001100196180718b1989 xxu||||| |||| 00| 0 eng d aRaj, P.S. Vijaya Natha aGrass root elite and political parties of Tamil Nadu c1989 a9-11 a1 Jan. aPolitical Parties - India - Tamil Nadu aJanata